| 000 | 00598nmm a2200193Ia 4500 | ||
|---|---|---|---|
| 008 | 251105s9999||||xx |||||||||||||||||und|| | ||
| 020 | _a8484296547 | ||
| 041 | _aspa | ||
| 100 | _aAnguera, Blanca | ||
| 245 | 0 | _aLa psicología de la primera mitad del s. XX. Segunda parte: las escuelas y sistemas psicológicos | |
| 264 |
_a[Madrid, España] : _bUOC Papers, _c2002 |
||
| 300 | _a148 páginas | ||
| 650 | _aPsychology | ||
| 700 | _aAnguera, Blanca | ||
| 700 | 1 | _a Civera, Cristina | |
| 700 | 1 | _a de la Casa, Gonzalo | |
| 856 | _uhttps://public.digitaliapublishing.com/a/5771 | ||
| 942 | _cCF | ||
| 999 |
_c61962 _d61962 |
||